000 00839nam a2200217 a 4500
003 0
005 20250424121308.0
008 050809s19uu xx 00 eng d
050 _aPHS LB 1050.5.C65
_b.W36 2005
100 _aWang, Yin Tzu.
245 _aComparative study on the correlation between reading level and academic performance of Korean and Filipino students /
_cYin Tzu Wang.
260 _aLas PiƱas City, Philippines :
_bSouthville International School and Colleges,
_c2005.
300 _a36 pages :
_billustrations ;
_c28 cm.
504 _aIncludes bibliographical references.
650 _2Library of Congress Subject Headings
_aReading comprehension
_zPhilippines.
650 _aComparative education.
650 _aCross-cultural studies.
650 _aAcademic achievement.
942 _2lcc
_cPASS
999 _c97322
_d97322